| 000 | 02052nam a2200409 c 4500 | ||
|---|---|---|---|
| 003 | BLK | ||
| 005 | 20200831095322.0 | ||
| 008 | 180411b bul|||||r ||||||| ||bul|| | ||
| 010 | _aKNG00185491000 | ||
| 020 |
_a978-619-7245-07-3 _bиздат.: Авлига |
||
| 040 | _aBLK | ||
| 041 |
_aBUL _cBUL |
||
| 072 | 7 |
_2bullib _aН34 _xПраво Н |
|
| 080 |
_aСпециална част на наказателното право. Видове наказуеми действия - Срещу собствена или чужда държава и управлението, политически престъпления,геноцид(прав.аспекти), наркотрафик, против мира, обществен _b343.3/.7 _x(100) _z343.3/.7(100) |
||
| 100 | 1 |
_aГратери, Никола _eпърви автор _955800 |
|
| 700 | 1 |
_aНиказо, Антонио _eсъавт. _9102217 |
|
| 700 | 1 |
_aКольовска, Таня Георгиева _eпрев. от итал. _9370937 |
|
| 139 |
_aГратери, Никола и др. _bГ 78 |
||
| 245 | 1 | 0 |
_aБялото злато _cНикола Гратери; съавт. Антонио Никасо; прев. от итал. Таня Георгиева Кольовска. |
| 257 | _aITA | ||
| 260 |
_аСофия _bАвлига _c2015 _fПловдив : Булвест принт |
||
| 300 |
_a232 с. _c21 см |
||
| 380 | _a3 | ||
| 500 | _aОриг. загл. Oro blanco / Nicola Gratteri, Antonio Nicaso. - Съдържа и за авт. | ||
| 650 | 4 |
_aПрестъпления - против живота и здравето _9260598 |
|
| 650 | 4 |
_aНаркомания - правни проблеми _9297822 |
|
| 650 | 4 |
_aНаркотични средства _9268521 |
|
| 653 | _aтрафик на наркотици | ||
| 653 | _aкокаин | ||
| 653 | _aнаркотици | ||
| 659 | _aН | ||
| 852 | _aЦб 278590 | ||
| 856 | 4 |
_qpdf _u |
|
| 856 | 4 |
_qpdf _u |
|
| 942 |
_cKNG _n0 _01 |
||
| 944 |
_aCR _c12.12.2015 _lф / _kВиолета_Тройчева |
||
| 944 |
_aED _c28.10.2017 _lф / _kПенка_Димитрова |
||
| 999 |
_c176861 _d176861 |
||